• 首页
  • 本馆介绍
  • 公告通知
  • 最新文献
  • 馆藏检索
  • 电子资源
  • 读者导购
  • 参考咨询
  • 我的图书馆
  • 登录
  • 详细信息显示
  • 放入我的书架
  • 预约/预借图书
  • 作者相关作品
  • 分类相关作品
  • 丛书相关作品
  • 出版社相关作品

书目信息

  • 表格格式
  • 工作单格式
  • 卡片格式
题名:
这些人犯了什么罪?
    
 
作者: 李文芳 , 薛恩勤 著
分册:  
出版信息: 沈阳   辽宁民族出版社  1985
页数: 300页
开本: 19cm
丛书名:
单 册:
中图分类: D924.305 , D918
科图分类:
主题词: 刑事犯罪-案例--分析--中国 , 案例-刑事犯罪--分析--中国 , 法学--部门
电子资源:
ISBN:
000 00860nam0 2200301 45
001 0185001379
005 20040506095024.2
010    @dCNY1.85
091    @a6372.1
100    @a19900823d1985 em y0chiy0121 ea
101 0  @achi
102    @aCN@b210000
105    @ay z 000yy
106    @ar
200 10 @a这些人犯了什么罪?@Azhe xie ren fan le shi me zui ?@e刑事疑难案例分析@f李文芳, 薛恩勤著
210    @a沈阳@c辽宁民族出版社@d1985
215    @a300页@d19cm
517 1  @a刑事疑难案例分析@Axing shi yi nan an li fen xi
606    @a刑事犯罪-案例@x分析@y中国
606    @a案例-刑事犯罪@x分析@y中国
606 0  @a法学@x部门
690    @aD924.305@v3
690    @aD918
701  0 @a李文芳@Ali wen fang@4著
701  0 @a薛恩勤@Axue en qin@4著
801  0 @aCN@b深圳图书馆@c20040506
801  2 @aCN@bNLC@c20040506
905    @f1@b161494@dD918@e96
    
    这些人犯了什么罪?:刑事疑难案例分析/李文芳, 薛恩勤著.-沈阳:辽宁民族出版社,1985
    300页;19cm
    
    
    ISBN :CNY1.85
    
●
相关链接 在E读中查询图书 在五车中查询图书 在当当中查询图书 在豆瓣中查询图书


正题名:这些人犯了什么罪?     索取号:D918/96         预约/预借

序号 登录号 条形码 馆藏地/架位号 状态 备注
1 0161494   000367365   第一借阅区/ [索取号:D918/96] 在馆    
2 0161495   001257865   密集书库/ [索取号:D918/96] 在馆    
3 0161496   000367374   第一样本阅览室/ [索取号:D918/96] 在馆    
唐山师范学院图书馆 欢迎您!
大连网信软件有限公司© 版权所有